01622nam a2200325 i 4500001001000000003000900010005001700019007000300036008004100039020001800080040003000098041000800128082002600136100005300162245011500215264010800330300002700438336002800465337003500493338003100528490002700559500006200586500003400648500002900682505042300711600004001134650004301174650003301217700004601250000014121DO-SdBNP20250707101139.0ta091204s2009 dr r 000 p spa d a9789945427899 aDO-SdBNPbspacBNPHUerda aspa 4aRD861.4408bM274b2221 aMoreno Jimenes, Domingo,d1894-1986eautor4aut.10aBenvenuto e addio antología poética bilingüe di Domingo Moreno Jimenes /c[selección], Danilo Manera. 4aSanto Domingo, República Dominicana :bEditora Nacional,bSecretaría de Estado de Cultura,c©2009. a68 páginas ;c23 cm. atextobtxt2rdacontent  asin mediación bn2rdamedia  avolumen bnc2rdacarrier 0 aClásicos dominicanos aIncluye datos biográficos del compilador en las solapas aTexto en italiano y español aBibliografía: p. 64-68 aIntroduzione, 9.-- Aspiración, 12.-- Melancolía, 14.-- El poema de la hija reintegrada, 16.-- La canción de sus ojos, 32.-- A orillas del soco, 34.-- Paisaje, 36.-- Lumbre, 38.-- Extasis, 40.-- Análisis, 42.-- Embriaguez, 44.-- La musa, 46.-- Psalmo, 48.-- Lasitud, 50.-- Canto-grito, 52.-- Palabras a Dios, 54.-- Palabras sueltas, 56.-- El pasado, 58.-- Bienvenida y adiós, 60.-- Domingo Moreno Jimenes, 61.10aMoreno Jimenes, Domingo,d1894-1986 7aPoesía dominicanavColecciones2LEMB 7aLiteratura dominicana.2LEMB1 aManera, Danilo,d1957-eselección 4se.